Normal view
MARC view
- ادارة الاصول الفكرية
Entry Topical Term
001 - CONTROL NUMBER
- control field: 44098
003 - CONTROL NUMBER IDENTIFIER
- control field: JO-AjAnu
005 - DATE AND TIME OF LATEST TRANSACTION
- control field: 20230606081314.0
008 - FIXED-LENGTH DATA ELEMENTS
- fixed length control field: 230606|| aca||aabn | a|a d
040 ## - CATALOGING SOURCE
- Original cataloging agency: JO-AjAnu
- Transcribing agency: JO-AjAnu
150 ## - HEADING--TOPICAL TERM
- Topical term or geographic name entry element: ادارة الاصول الفكرية
670 ## - SOURCE DATA FOUND
- Source citation: Work cat.: (JO-AjAnu)22579: اعداد مركز الخبرات المهنية للادارة بميك؛ المستشار العلمي عبدالرحمن توفيق, author 44097, ادارة الاصول الفكرية نماذج عملية